00438nam a22001457a 450000500170000000800410001702000280005804100130008608200120009910000270011124500440013826000570018230000280023965000250026720231204072333.0231204b |||||||| |||| 00| 0 eng d a0409004375 ; 0409004383 aEnglish  a349 JOU aJoubert, WA lEnglish  aThe Law of South Africa / cWA Joubert  aDurban : bButterworth Publishers (Pty) Ltd, c1997  bx, 997 pages ; c26 cm. aLegal practice bLaw